000 004150000a22001450004500
090 _aAR
_b02195
245 1 0 _aSistemática de nuestro tiempo: hechos, problemas y orientaciones
650 1 4 _aSistemática
_93510
650 1 4 _aBiología
_992
650 1 4 _aCladística
_912117
041 0 _aEspañol
100 1 _aCrisci V., Jorge
_994924
942 _cARTICULO
773 1 _tBol. Soc. Bot. México
_31189
_q21-32
_d1998
_g63
999 _c11267
_d11267